Fyzická geografia 1

Saved in:
Bibliographic Details
Format: Book
Language:Czech
Published: Praha Státní pedagogické nakladatelství 1984
Series:Učebnice pro vysoké školy
Tags: Add Tag
No Tags, Be the first to tag this record!

MARC

LEADER 00000nam a2200000 4500
001 c112644
005 20221207065144.5
041 0 |a cze 
044 |a CZ 
245 1 0 |a Fyzická geografia 1 
264 1 |a Praha  |b Státní pedagogické nakladatelství  |c 1984 
300 |a 272 s. 
490 1 |a Učebnice pro vysoké školy 
830 0 |a Učebnice pro vysoké školy